00323 2200133 4500001002100000005001500021035002000036245003400056100001900090260003600109082000800145084001400153990002200167INLIS00000000000245920250604104505 a0010-06250000451 aSalah Pilih /cN. St Iskandar0 aN. St Iskandar aJakarta :bBalai Pustaka,c2000 a800 a800 N. s a000118 s/d 000120